| 000 | 00737nam a22002177a 4500 | ||
|---|---|---|---|
| 999 |
_c15809 _d15809 |
||
| 003 | AR-CdUCM | ||
| 008 | 190430b ||||| |||| 00| 0 spa d | ||
| 020 | _a978-85-7866-001-7 | ||
| 040 |
_aMUNICIPALIDAD PROVINCIAL DEL CUSCO _cBIBLIOTECA MUNICIPAL DEL CUSCO |
||
| 082 |
_a302 / _bL732 |
||
| 100 |
_aLima, Carlos _925294 |
||
| 245 | _aGenealogía dialética da utopía / | ||
| 260 |
_aRio de Janeiro : _bContraponto, _c2008. |
||
| 300 |
_a177 páginas ; _c20 cm. |
||
| 505 | _aContenido: Paradigma utópico em Platao e Aristoteles -- O novo paradigma utópico em Thomas Morus e Thomas Munzer. | ||
| 650 |
_aCultura _9126 |
||
| 650 |
_aUtopía _926268 |
||
| 650 |
_aBrasil _91261 |
||
| 942 |
_2ddc _cLIBROS |
||
| 945 |
_adavv _d30/04/2019 |
||